Retrospektivní přehled zabezpečování prázdninových pobytů chudých dětí a dětí s nezaměstnaným rodičem Expertíza

Enregistré dans:
Détails bibliographiques
Auteur principal: Bubleová, Věduna
Autres auteurs: Šilhánová, Hana
Format: Livre
Langue:tchèque
Publié: Bratislava Výskumný ústav práce a sociálnych vecí 1991
Édition:1. vyd.
Tags: Ajouter un tag
Pas de tags, Soyez le premier à ajouter un tag!

MARC

LEADER 00000nam a2200000 4500
001 c033214
005 20221214094744.3
041 0 |a cze 
044 |a SK 
245 1 0 |a Retrospektivní přehled zabezpečování prázdninových pobytů chudých dětí a dětí s nezaměstnaným rodičem  |b Expertíza  |c Věduna Bubleová, Hana Šilhánová 
250 |a 1. vyd. 
264 1 |a Bratislava  |b Výskumný ústav práce a sociálnych vecí  |c 1991 
300 |a 12 s. 
100 1 |a Bubleová, Věduna 
700 1 |a Šilhánová, Hana